Statistics for Celebrity Aviation Deaths

Click here to take the quiz!

General Stats

  • This quiz has been taken 99 times
  • The average score is 5 of 13

Answer Stats

ClueYearAnswer% Correct
The Day the Music Died1959Buddy Holly
78%
The Day the Music Died1959J.P. Richardson (The Big Bopper)
60%
Dock on the Bay1967Otis Redding
60%
Take Me Home1997John Denver
58%
The Day the Music Died1959Ritchie Valens
55%
Junior1999John F. Kennedy, Jr.
42%
Leroy Brown1973Jim Croce
34%
Free Bird1977Ronnie VanZant (Lynyrd Skynyrd)
31%
Walkin' After Midnight1963Patsy Cline
26%
Pride and Joy1990Stevie Ray Vaughan
25%
Back & Forth2001Aaliyah Haughton
19%
Pittsburgh Pirates1972Roberto Clemente
17%
Senator from Alaska2010Ted Stevens
8%

Score Distribution

Percentile by Number Answered

Percent of People with Each Score

Your Score History

You have not taken this quiz